[Event "RSA-ch U08 Girls"]
[Site "Waterkloof"]
[Date "2015.04.08"]
[Round "7"]
[White "Du Plessis, Elne"]
[Black "Smit, Mikayla"]
[Result "1-0"]
[WhiteElo "772"]
[BlackElo "683"]
[PlyCount "31"]
[EventDate "2015.04.04"]
[EventType "swiss"]
[EventRounds "9"]
[EventCountry "RSA"]
[SourceTitle "CBM 166 Extra"]
[Source "ChessBase"]
[SourceDate "2015.06.18"]
[SourceVersion "1"]
[SourceVersionDate "2015.06.18"]
[SourceQuality "1"]

1. e4 c6 2. Nf3 d5 3. e5 Bf5 4. Nc3 e6 5. Bd3 Bg4 6. h3 Bxf3 7. Qxf3 Nd7 8. Qf4 Bb4 9. a3 Bxc3 10. dxc3 Ne7 11. Qg5 0-0 12. Qg4 Ng6 13. Bxg6 hxg6 14. h4 Nxe5 15. Qg3 Qb6 16. 0-0 1-0

[Event "RSA-ch U08 Girls"]
[Site "Waterkloof"]
[Date "2015.04.06"]
[Round "3"]
[White "Bruintjies, Hailey Carla"]
[Black "Smit, Mikayla"]
[Result "1-0"]
[WhiteElo "778"]
[BlackElo "683"]
[PlyCount "51"]
[EventDate "2015.04.04"]
[EventType "swiss"]
[EventRounds "9"]
[EventCountry "RSA"]
[SourceTitle "CBM 166 Extra"]
[Source "ChessBase"]
[SourceDate "2015.06.18"]
[SourceVersion "1"]
[SourceVersionDate "2015.06.18"]
[SourceQuality "1"]

1. c4 c5 2. Nc3 Nf6 3. e4 Nc6 4. Nf3 e5 5. g3 b6 6. Bg2 Bb7 7. Nd5 Nxe4 8. 0-0 Bd6 9. d3 Nf6 10. Nxf6+ Qxf6 11. Bg5 Qg6 12. Qd2 0-0 13. Nh4 Qe6 14. Bd5 Qe8 15. Bh6 gxh6 16. Qxh6 Nb4 17. Bxb7 Rb8 18. Be4 f5 19. Bxf5 Rxf5 20. Nxf5 Bf8 21. Qg5+ Kh8 22. Rae1 Nxd3 23. Re4 b5 24. Qf6+ Kg8 25. Rg4+ Bg7 26. Qxg7# 1-0

[Event "RSA-ch U08 Girls"]
[Site "Waterkloof"]
[Date "2015.04.04"]
[Round "1"]
[White "Claassen, Carli"]
[Black "Smit, Mikayla"]
[Result "0-1"]
[WhiteElo "847"]
[BlackElo "683"]
[PlyCount "50"]
[EventDate "2015.04.04"]
[EventType "swiss"]
[EventRounds "9"]
[EventCountry "RSA"]
[SourceTitle "CBM 166 Extra"]
[Source "ChessBase"]
[SourceDate "2015.06.18"]
[SourceVersion "1"]
[SourceVersionDate "2015.06.18"]
[SourceQuality "1"]

1. e4 e5 2. Nf3 Nc6 3. Bc4 Nf6 4. Ng5 Qe7 5. Bxf7+ Kd8 6. Bb3 d6 7. Nf7+ Ke8 8. Nxh8 Be6 9. Nc3 g6 10. d3 Bg7 11. Bg5 Bxh8 12. d4 exd4 13. Nb5 Rc8 14. 0-0 Bxb3 15. axb3 a6 16. Na3 Qe5 17. Bh4 Nxe4 18. Nc4 Qe6 19. Re1 Qd5 20. Nd2 Kd7 21. Qg4+ Qe6 22. Qf3 Bg7 23. Nxe4 Rf8 24. Qe2 Qd5 25. Qg4+ Rf5 0-1